Geography starting in M, with second letters A-Z - Statistics

General Stats
  • This quiz has been taken 20 times
  • The average score is 7 of 26
Answer Stats
2nd letter Clue Answer starting with M % Correct
E Country bordering on the USA (6) Mexico
94%
A Country where the mail gets lost (4) Mali
89%
I USA nominates a state (9) Minnesota
83%
Y Country home to many an army man (7) Myanmar
61%
B A curse in the the capital of Eswatini (7) Mbabane
56%
C Texan border locale where you can find the key to the city (7) McAllen
44%
U The grape capital of Oman (6) Muscat
44%
O A looming problem for sparsely-populated nation (8) Mongolia
39%
N You leave Bavarian capital and move to village in Poland (5) Mnich
28%
K Zambian town serving Japanese food, but with no starter (6) Mkushi
22%
W Australia-NZ combat force loses 100 in major city of Tanzania (6) Mwanza
22%
G Magnesium as well as uranium mined in Tanzanian town (6) Mgandu
17%
Z Major city of Malawi where Japanese pick-up manufacturer is never seen (5) Mzuzu
11%
P Village in Lesotho where half of itself is strangely near (8) Mpharane
6%
V South African village where the French back a panda eating first hamburger (11) Mvelaphanda
6%
D South African township where the insects are sensible (9) Mdantsane
6%
H Large, flightless bird back in Swazi town (6) Mhlume
6%
L Research at school ongoing in Kenyan city (8) Mlolongo
6%
Q Maltese village in which the winner takes it all (6) Mqabba
6%
R Can't keep quiet about my shirt in this Moroccan town (5) Mrirt
6%
S It's the law in this town of Belarus (8) Mstislaw
6%
T Tanzanian city with a republican area (6) Mtwara
6%
X Party drug is back, to be part of the scene in South African village (7) Mxesibe
6%
F Tooth piano loses a number on Kenyan isle in Lake Victoria (14) Mfangano Island
0%
J Village of the Comoros seen from Jim and Ralph's place (9) Mjimandra
0%
M In Spanish, she opposes town of Botswana (7) Mmopone
0%
No matching quizzes found
Score Distribution
Percent of People with Each Score
Percentile by Number Answered
Your Score History
You have not taken this quiz